The Relationship among Nominal Exchange Rate, Import and Export in Turkey for the Period 1988:1 to 2015:3 (Record no. 300010)
[ view plain ]
| 000 -LEADER | |
|---|---|
| fixed length control field | 00548nam a2200133Ia 4500 |
| 008 - FIXED-LENGTH DATA ELEMENTS--GENERAL INFORMATION | |
| fixed length control field | 160809s9999 xx 000 0 und d |
| 100 ## - MAIN ENTRY--PERSONAL NAME | |
| Personal name | Ctalbas, Nazim. |
| 245 #4 - TITLE STATEMENT | |
| Title | The Relationship among Nominal Exchange Rate, Import and Export in Turkey for the Period 1988:1 to 2015:3 |
| 245 ## - TITLE STATEMENT | |
| Statement of responsibility, etc | Nazim Catalbas. |
| 260 ## - PUBLICATION, DISTRIBUTION, ETC. (IMPRINT) | |
| Name of publisher, distributor, etc | International Research Journal of Applied Finance |
| 260 ## - PUBLICATION, DISTRIBUTION, ETC. (IMPRINT) | |
| Date of publication, distribution, etc | April 2016 |
| 650 ## - SUBJECT ADDED ENTRY--TOPICAL TERM | |
| General subdivision | FINANCE |
| 856 ## - ELECTRONIC LOCATION AND ACCESS | |
| Uniform Resource Identifier | <a href="https://nebula.wsimg.com/95040dbcd3e4e9a820f1b506bed03f57?AccessKeyId=A83663472B839ECDD54B&disposition=0&alloworigin=1">https://nebula.wsimg.com/95040dbcd3e4e9a820f1b506bed03f57?AccessKeyId=A83663472B839ECDD54B&disposition=0&alloworigin=1</a> |
| Withdrawn status | Lost status | Damaged status | Home library | Current library | Date acquired | Total Checkouts | Date last seen | Price effective from | Koha item type |
|---|---|---|---|---|---|---|---|---|---|
| College Library | College Library | 08/09/2016 | 08/09/2016 | 08/09/2016 | Foreign e-journal articles |